Visión barcelonesa del pintor holandés Jozef Israëls, (1824-1911) : animado cuadro de la Ciudad Condal, vademécum de Rilke en su viaje por España / por Gonzalo Garcival animado cuadro de la Ciudad Condal, vademécum de Rilke en su viaje por España / por Gonzalo Garcival
Publicado:
San Jorge, núm. 98 - 99 (desembre 1976), pàg 73 - 78 :
MARC
| LEADER | 00000nam a2200000Ia 4500 | ||
|---|---|---|---|
| 001 | |||
| 008 | 160829s9999 xx 000 0 cat d | ||
| 100 | |a Garcival, Gonzalo |9 45532 | ||
| 245 | |a Visión barcelonesa del pintor holandés Jozef Israëls, (1824-1911) : |b animado cuadro de la Ciudad Condal, vademécum de Rilke en su viaje por España / por Gonzalo Garcival | ||
| 260 | |a San Jorge, núm. 98 - 99 (desembre 1976), pàg 73 - 78 | ||
| 650 | |a Israëls, Josef |9 45533 | ||
| 650 | |a Espanya |x Descripcions i viatges |x S. XIX |9 45534 | ||
| 901 | |a Arxiu | ||
| 942 | |n 1 | ||
| 952 | |0 0 |1 0 |4 0 |7 1 |9 52657 |a Arxiu |b Arxiu |d 2016-12-01 |l 0 |r 2016-12-01 00:00:00 |w 2016-12-01 |y ARXIU | ||
| 999 | |c 56506 |d 56506 | ||